000 00618nam a2200229Ia 4500
003 OSt
005 20220918200921.0
006 a|||||r|||| 00| 0
007 ta
008 220917b |||||||| |||| 00| 0 eng d
024 _a90,821
037 _cTextual
040 _aARTS
_cARTS
_beng
041 _2eng
_aeng
082 _aU8:71:M06<--I92, K4
100 _aBrebner John Bartlet
_996025
245 0 _aExplorers of North America 1492--1806
260 _aNA
_bNA
_c1964
650 _aGEOGRAPHY
942 _hU8:71:M06<--I92, K4
_cTEXL
_2CC
999 _c214481
_d214481